L'armée aux grèves : (Record no. 180036)

MARC details
000 -LEADER
campo de control de longitud fija 00758nam a2200205 i 4500
001 - NÚMERO DE CONTROL
campo de control 180036
003 - IDENTIFICADOR DE NÚMERO DE CONTROL
campo de control ES-MaACL
005 - FECHA Y HORA DE LA ÚLTIMA TRANSACCIÓN
campo de control 20230906220956.0
008 - DATOS DE LONGITUD FIJA--INFORMACIÓN GENERAL
campo de control de longitud fija 120402s1904 fr |||| | fre d
080 ## - NÚMERO DE LA CLASIFICACIÓN DECIMAL UNIVERSAL
Número de la Clasificación Decimal Universal 331.109.32:622(44)
245 02 - MENCIÓN DEL TÍTULO
Título L'armée aux grèves :
Resto del título grève générale des mineurs (octobre-novembre 1902) / par le lieutenant Z.
260 ## - PUBLICACIÓN, DISTRIBUCIÓN, ETC.
Lugar de publicación, distribución, etc. Paris :
Nombre del editor, distribuidor, etc. Société Nouvelle de Librairie et d'Édition,
Fecha de publicación, distribución, etc. 1904.
300 ## - DESCRIPCIÓN FÍSICA
Extensión 166 p. ;
Dimensiones 16 cm.
490 1# - MENCIÓN DE SERIE
Mención de serie Bibliothèque socialiste ;
Designación de volumen o secuencia 23-24
650 #4 - PUNTO DE ACCESO ADICIONAL DE MATERIA--TÉRMINO DE MATERIA
Término de materia o nombre geográfico como elemento de entrada Mineros-
Subdivisión general Huelgas-
Subdivisión geográfica Francia.
9 (RLIN) 176299
650 #4 - PUNTO DE ACCESO ADICIONAL DE MATERIA--TÉRMINO DE MATERIA
Término de materia o nombre geográfico como elemento de entrada Movimiento obrero-
Subdivisión geográfica Francia.
9 (RLIN) 147036
830 1# - PUNTO DE ACCESO ADICIONAL DE SERIE-TÍTULO UNIFORME
Título uniforme Bibliothèque socialiste ;
Designación de volumen o secuencia 23-24
9 (RLIN) 185029
852 4# - LOCALIZACIÓN
Ubicación ES-MaACL
Número de control de estantería D-2173(3)
Nota libre - Enc. en un vol. facticio
Holdings
Estatus retirado Estado de pérdida Estado de daño No para préstamo Biblioteca de origen Biblioteca actual Ubicación en estantería Fecha de adquisición Fuente de adquisición Total de préstamos Signatura topográfica completa Código de barras Visto por última vez Precio de reemplazo Tipo de ítem Koha
        Biblioteca del Ateneo de Madrid Biblioteca del Ateneo de Madrid Sala Valle Inclán 02/04/2012     D-2173(3) 901189162 23/02/2023 23/02/2023 Libro impreso